000
00302nam a22001337a 4500
008
170601b xxu||||| |||| 00| 0 eng d
020
_a
9280810820
041
_a
eng
080
_a
94(6)
100
_a
17
101
_a
SHH
245
_a
REFORMING AFRICA'S INSTITUTIONS
_c
MUGERWA, S.K
942
_2
udc
_c
BK
999
_c
15361
_d
15361